000 00212nam a22000857a 4500
008 161104b xxu||||| |||| 00| 0 eng d
100 _91031
_aJain. g
245 _aWorld Famous Leaders
260 _aNew Delhi
_bMaanu
_c2012
999 _c3688
_d3688